000 00548nam a2200217Ia 4500
003 OSt
005 20241007104912.0
008 240925s9999 xx 000 0 und d
020 _a9789699988868
040 _cdf
082 _a428 CHR
100 _aChrist, Henry I.
245 0 _aModern English in action
250 _aNA
260 _aLahore:
_bPeace Publication
_c,2018.
300 _ax, 294p.
_b0
_fOriginal
500 _aIncludes Index
600 _aHumanities & Natural Science
650 _aEnglish and Old English
942 _cBK
_2ddc
999 _c18013
_d18013